Manual de fertilizantes para horticultura

Bibliographic Details
Format: Section = Libro
Language:Undetermined
Spanish
Published: México Limusa 2004
Subjects:
LEADER 00600nam a2200205Ia 4500
008 240829s9999 xx 000 0 und d
020 |a 968-18-5091-2 
040 |a BIBLIOTECA-RUPAP Ref 631.8 C153 
041 |a spa 
082 |a Ref 631.8 C153 
245 1 0 |a Manual de fertilizantes para horticultura 
260 |a México  |b Limusa  |c 2004 
300 |a 297 p. :il. 
650 7 |a FERTILIZANTES - HORTICULTURA - MANUAL 
650 7 |b  PROPIEDADES DEL SUELO 
650 7 |c  ALMACENAMIENTO, MANEJO DE FERTILIZANTES 
650 7 |d  NUTRIENTES PARA PLANTAS. Tít. 
942 |c BK  |2 ddc 
991 |a TEXTO 
999 |c 10466